00584nam a2200193Ia 4500001000900000003000500009005001700014008004100031010001100072040000900083082001500092100002100107245010800128250000600236260005400242300001100296400003900307600004400346dia_2112CHAP20251027153917.0220117s1975 xx 000 0 und d a172650 cCHAP a636.932 P6 aPortsmouth, J.I. aProducción Comercial de Conejos para Carne /c por J.I. Portsmouth, traducido por Jaime Esain Escobar a2 aZaragoza, España :b Butterworth and CO.,c1975 a207 p. aMANUALES DE TÉCNICA AGROPECUARIA a1.Conejos-producción/ 2.Carne-conejos